| 000 | 01341nam a2200421 a 4500 | ||
|---|---|---|---|
| 003 | AR-BaBNM | ||
| 005 | 20251128204837.0 | ||
| 008 | 082120s2002 ||||||||||||||000 | spa|| | ||
| 020 | _a950-614-433-8 | ||
| 040 | _cAR-BaBNM | ||
| 100 | 1 | _aGodio, Julio | |
| 245 | 0 | 0 |
_aPerón _bregreso, soledad y muerte [1973-1974] |
| 260 |
_aBuenos Aires _bHyspamérica _c1986 |
||
| 300 | _a251 p. | ||
| 490 | 0 |
_aBiblioteca argentina de historia y política _vv. 44 |
|
| 500 | _aLa presente edición es una versión corregida del libro "El último año de Perón", publicado en la colección "Universidad y Pueblo" de la Universidad Simón Bolívar de Barranquilla, Colombia | ||
| 600 | 1 | 4 | _aFirmenich, Mario |
| 600 | 1 | 4 | _aLópez, Atilio |
| 600 | 1 | 4 | _aMartínez, María Estela |
| 600 | 1 | 4 | _aBalbín, Ricardo |
| 600 | 1 | 4 | _aRucci, José |
| 600 | 1 | 4 | _aLópez Rega, José |
| 600 | 1 | 4 | _aFrondizi, Arturo |
| 600 | 1 | 4 | _aSantucho, Mario Roberto |
| 600 | 0 | 4 |
_aPerón _d1973-1974 |
| 610 | 2 | 4 | _aPartido Justicialista |
| 650 | 4 | _aHISTORIA | |
| 650 | 4 | _aSINDICATOS | |
| 650 | 4 | _aHISTORIA POLITICA | |
| 650 | 4 | _aPRESIDENCIAS ARGENTINAS | |
| 650 | 4 | _aPROBLEMAS SOCIALES | |
| 650 | 4 | _aSUBVERSION EN ARGENTINA | |
| 651 | 4 | _aArgentina | |
| 653 | _aPERONISMO | ||
| 800 | 1 |
_aCostantini, Pablo _edirector |
|
| 942 | _cBK | ||
| 998 | _cEnrique | ||
| 999 |
_c9010 _d9010 |
||